Quizzes
Events
Quiz Creation
Community
Videos
Private Events
Remove Ads
Sign In
Join for FREE
Feedback
Dark Mode
Quiz Categories
Sports
Geography
Music
Movies
Television
Just For Fun
Miscellaneous
History
Literature
Language
Science
Gaming
Entertainment
Religion
Holiday
For Kids
Quiz Lab
Recent
Popular Today
Quiz Kudos Today
Editor Picks
Curator Picks
Quizzes by...
Day
Popularity
Type
Ratings
Length
Year
Community
Subscriptions
Recent Discussions
Orange Saloon
Badges
Playlists
Quests
Create
Leaderboards
Showdown
Live 5
Trivia Bingo
Activity
Puzzle Library
Sporcle Events
Private Events
Virtual Trivia
Globe League
Become a Host
Pub Owners
SporcleCon
Opinionation
Our Games
Videos
Blog
Mobile Apps
Partnerships
Remove Ads and Go Orange
Feedback
Just For Fun
Clickable
Get the Picture
Humor
Quick Pick
Word Ladder
Missing Word
Mixed Word
Blitz
Minefield
This or That
Alphabet
Color
Typing
Sporcle
Puzzle
Word Play
Follow That Line
Logic
Just For Fun
Clickable
Get the Picture
Humor
Quick Pick
Word Ladder
Missing Word
Mixed Word
Blitz
Minefield
This or That
Alphabet
Color
Typing
Sporcle
Puzzle
Word Play
Follow That Line
Logic
Random Quiz
Search Sporcle
×
Quiz Lab
Quiz Lab
Just For Fun
Song
Type in answers that appear in a list
Type in answers that appear in a list
Classic
Best Score? Go Orange.
Missing word: Cheers theme Stats
Can you name the missing words of the theme song for the TV show Cheers?
By
slipkid
3m
26 Questions
275 Plays
275 Plays
275 Plays
Comments
Comments
Give Quiz Kudos
Give Quiz Kudos
-
- Ratings
hide this ad
Replay
Link that replays current quiz
Next Quiz
Link to next quiz in quiz playlist
You Got
0%
They Got
Avg Score
66%
Avg Friend Score
Upgrade to see
Score Distribution
Jump to the score distribution portion of the page
Score
0/26
Timer
03:00
0
Plays Today
Lyrics
Missing Word
% Correct
Making your _
_
_
_
_
_
in the world today
way
98.9%
takes _
_
_
_
_
_
you've got.
everything
96.4%
Wouldn't you like to _
_
_
_
_
_
away?
get
90.2%
Taking a break from all your _
_
_
_
_
_
worries
89.8%
sure would _
_
_
_
_
_
a lot.
help
89.1%
where everybody knows your _
_
_
_
_
_
.
name
88%
You want to _
_
_
_
_
_
where everybody knows your name.
go
87.3%
And they're always _
_
_
_
_
_
you came.
glad
86.2%
You want to _
_
_
_
_
_
where everybody knows your name.
be
85.5%
where everybody _
_
_
_
_
_
your name.
knows
75.6%
our _
_
_
_
_
_
are all the same.
troubles
75.3%
people are all the _
_
_
_
_
_
.
same
75.3%
And they're always glad you _
_
_
_
_
_
.
came
74.5%
Lyrics
Missing Word
% Correct
And your little angel hung the cat up by it's _
_
_
_
_
_
.
tail
73.5%
The _
_
_
_
_
_
is in the mail.
check
69.8%
Roll out of _
_
_
_
_
_
, Mr. Coffee's dead.
bed
69.5%
You want to be where you can _
_
_
_
_
_
see
66.9%
Be glad there's one _
_
_
_
_
_
in the world
place
63.6%
You want to go where _
_
_
_
_
_
know
people
57.5%
_
_
_
_
_
_
you want to go
Sometimes
42.9%
And your third fiancé didn't _
_
_
_
_
_
.
show
36.7%
And your shrink _
_
_
_
_
_
off to Europe
ran
33.1%
And your husband wants to be a _
_
_
_
_
_
.
girl
33.1%
and didn't even _
_
_
_
_
_
.
write
30.5%
The morning's looking _
_
_
_
_
_
.
bright
26.9%
All those nights when you've got no _
_
_
_
_
_
.
lights
16.7%
Quiz Playlist
Details
Report
Send in Message
Add To Playlist
Classic:
Type in answers that appear in a list
Last Updated: Feb 16, 2017
Quiz Scoreboard
CHALLENGE
Sign Up to Join the Scoreboard
Show All
Scores
Hide
Comments
May contain spoilers
Recently Published
An Introduction to Baseball
by treessimontrees
Sports
5m
Movies - When Are They Set?
by FPL_Elf
Movies
5m
Popular People in 1961
by mucciniale
History
6m
More to Explore
Quiz From the Vault
Featured Blog Post
Where Did the Easter Bunny Come From?
hide this ad
You Might Also Like...
Tags
Show Quiz
Song Quiz
Cheers
theme
Today's Top Quizzes in Just For Fun
Browse Just For Fun
hide this ad
Today's Top Quizzes in Song
Browse Song
Top Contributed Quizzes in Just For Fun
1
Crossword Whiteout! 49
2
Harry Potter Logic - 'In Chains' II
3
Survivor Winners Logic Puzzle
4
Zeroing In: Just For Fun
5
Thermometer Puzzle 25
6
Word Ladder: Ahoy Matey
7
1-30 Clickable Mines
8
Aquarium Logic Puzzle 17
9
Big Thermometer Puzzle 21
10
Edinburgh Fringe jokes 2015
Explore More
Trending Topics
Kpop
Harry Potter
Disney
Anime
NBA
Marvel
Crossword
Pokémon
Country
The Office
NFL
Puzzle
Song
Soccer
WWE
hide this ad
More By:
slipkid
Quiz
Plays
Rating
Category
Featured
Created
Simple Math Minefield
866,730
4.20
Science
Oct 6, 2011
Fifty Famous Figures
377,716
4.51
History
Jan 25, 2013
Rhymes with 'Jump'
304,194
4.39
Language
May 26, 2013
Rhymes with 'Sound'
292,051
4.71
Language
Oct 31, 2011
Harry, Hunger or Twilight?
283,830
4.42
Literature
Oct 30, 2011
Go to Creator's Profile
Score Distribution
Quiz Creator Spotlight
slipkid
Follow
Send a Message
Quizzes Created
-
Created Quiz Play Count
-
More By This Creator
Popular Quizzes Today
1
Find the Countries of Europe - No Outlines Minefield
2
Find the US States - No Outlines Minefield
3
The Countries of the World
4
Popular People in 1961
5
US States
6
1-10 Letter E Words III
7
Find the US States
8
One Thing in Common: World Cities II
More Just For Fun Quizzes
1-25 Puzzle no.3
Quiz Lab
Trending Quizzes
Risky Map Clicking: Least Populous States A-Z
1-10 Letter F Words
1-10 Letter G Words
One Thing in Common: United Kingdom
Risky Map Clicking: Next State Alphabetically
Recently Updated
Leaping Animals
pecheneg
Reality TV Shows (A-Z)
bhenderson79
Rickey Henderson's Hall of Fame Teammates
pecheneg
Champions League XIs: Arsenal
pecheneg
Quick Pick: Celebrities in WWE's Hall of Fame
aduchscher
A-Z Keypad Blitz II
pecheneg
Multiple Oscar Actors
pecheneg
Mystery Phrase Blitz: Oscar 'Best Actors'
pecheneg
F. Scott Fitzgerald Novels
LTH
Pick 3 Villains
ddd62291
Trending Topics
Kpop
NBA
Harry Potter
Crossword
Marvel
Anime
Disney
Country
WWE
The Office
Pokémon
Soccer
NFL
Song
Puzzle
Your Account Isn't Verified!
In order to create a playlist on Sporcle, you need to verify the email address you used during registration. Go to your
Sporcle Settings
to finish the process.
Report this User
Report this user for behavior that violates our
Community Guidelines
.
Details:
Send Report
Go to the Sporcle.com Mobile Site →
Comments